| 000 | 00675cam a2200145 4500500 | ||
|---|---|---|---|
| 005 | 20260208002338.0 | ||
| 041 | _afre | ||
| 042 | _adc | ||
| 100 | 1 | 0 |
_aGoedefroit, Sophie _eauthor |
| 245 | 0 | 0 | _aJanice Harper, Health, Illness and Death Among Madagascar’s People of the Forest. Préface de Pamela J. Stewart et Andrew Strathern Durham, Carolina Academic Press, 2002, xvii + 273 p., bibl., index, gloss., ill. («Ethnographic Studies in Medical Anthropology») |
| 260 | _c2005. | ||
| 500 | _a58 | ||
| 786 | 0 | _nL'Homme | 173 | 1 | 2005-01-01 | p. 199x-283x | 0439-4216 | |
| 856 | 4 | 1 | _uhttps://shs.cairn.info/revue-l-homme-2005-1-page-199x?lang=fr&redirect-ssocas=7080 |
| 999 |
_c1645938 _d1645938 |
||